00540nam a22001697a 450000500170000001000150001702000260003203500130005803700130007108200170008410000140010124500520011526000460016727000810021330000260029450000500032020140224143035.0 aENG-108746 c575.00a9788192426556 aEN-92279 bDBAD/PUB a305.56880954 aDas, A.K. aSchedule caste in Indian society /cby A.K. Das aNew DelhibGaurav Book Distributorsc2013 aH No. 45,Ground floor, Shivaji Marg, Gali No. 5, Kartar NagarbDelhie110053 aviii,184p. c22cm(Hb) aIncludes bibliographical references and lndex